Statistics for Ultimate Dragon Ball Quiz

Click here to take the quiz!

General Stats

  • This quiz has been taken 352 times
  • The average score is 83 of 292

Answer Stats

RaceCharacter% Correct
SaiyanGoku
99%
SaiyanVegeta
99%
SaiyanBardock
92%
Half SaiyanGohan
91%
Half SaiyanGoten
90%
Half SaiyanTrunks
88%
SaiyanBroly
83%
Quarter SaiyanPan
83%
God of DestructionGiin
81%
FusionGogeta
81%
SaiyanKing Vegeta
81%
NamekianPiccolo
81%
SaiyanRaditz
81%
FusionVegito
81%
HumanBulma
79%
FusionGotenks
79%
SaiyanNappa
78%
Android17
77%
Android18
76%
AnimalBee
76%
Android16
75%
Android19
75%
AndroidCell
73%
MajinMajin Buu
73%
AngelWhis
73%
God of DestructionBeerus
72%
HumanChi Chi
72%
Android13
71%
Android15
70%
Android14
69%
Half SaiyanBulla
69%
HumanYamcha
69%
AlienFrieza
68%
HumanKrillin
68%
NamekianNail
67%
God of DestructionChampa
66%
NamekianKami
66%
NamekianDende
65%
MajinKid Buu
65%
Shapeshifting pigOolong
62%
DragonShenron
62%
SaiyanTurles
62%
AndroidDr Gero
60%
Descendant of GokuGoku Jr
60%
SaiyanKale
58%
Descendant of VegetaVegeta Jr
58%
DemonDabura
57%
MajinSuper Buu
57%
HumanVidel
57%
Android8
56%
SaiyanCabba
56%
AlienJiren
56%
Shin-JinSupreme Kai
56%
AngelVados
56%
Omni KingZeno
56%
SaiyanGine
55%
Shin-JinKing Kai
55%
FusionKefla
54%
Shapeshifting catPuar
54%
WizardBabidi
53%
AlienCooler
53%
HumanMaster Roshi
53%
SaiyanParagus
53%
SaiyanTarble
53%
Shin-JinZamasu
53%
SaiyanCaulifla
51%
NamekianGuru
50%
AlienKing Cold
50%
Shin-JinKibito
49%
TuffleBaby
48%
AlienTop
47%
MutantBurter
46%
MajinEvil Buu
46%
Brench-seijinJeice
46%
HumanHercule
45%
SaiyanGoku Black
44%
NamekianLord Slug
44%
MutantGuldo
43%
WizardBibidi
42%
AlienDodoria
42%
AlienHit
42%
AlienZarbon
42%
MutantRecoome
41%
HumanTien Shinhan
41%
Shin-JinWest Kai
41%
Shin-JinEast Kai
40%
NamekianKing Piccolo
40%
Shin-JinSouth Kai
40%
AndroidSuper 17
40%
AndroidCell Jr
39%
SaiyanFasha
39%
DragonPorunga
38%
DeityMr Popo
37%
HumanUub
37%
AngelGrand Priest
36%
HumanMai
36%
AlienDyspo
35%
FusionKibito Kai
35%
MutantCaptain Ginyu
34%
HumanChiaotzu
34%
Shin-JinElder Kai
33%
HumanMercenary Tao
33%
AlienFrost
32%
HumanOx King
32%
HumanLaunch
31%
Animal-Type EarthlingShu
31%
DragonSuper Shenron
31%
HumanYajirobe
31%
Shin-JinGowasu
30%
DemonJanemba
30%
Zoon-seijinPui Pui
30%
God of DestructionBelmod
29%
AlienCui
29%
AnimalKorin
29%
HumanDr Brief
28%
FusionFused Zamasu
27%
MakyanGarlic
27%
AnimalBubbles
26%
Shin-JinGrand Kai
26%
HumanGrandpa Gohan
26%
HumanMarron
26%
AnimalTurtle
26%
Race of HeraBojack
25%
HumanFortuneteller Baba
25%
AlienAppule
24%
Mutant NamekianTambourine
24%
Ankoku-seijinYakon
24%
AlienJaco
23%
OgreKing Yemma
23%
NamekianMoori
23%
HumanSpopovich
23%
HumanStaff Officer Black
23%
SaiyanTora
23%
DragonEis Shenron
22%
AnimalGregory
22%
DragonSyn Shenron
22%
AndroidArale
21%
UnknownPikkon
21%
AndroidSuper Android 13
21%
AlienBotamo
20%
HumanGeneral Blue
20%
MakyanGarlic Jr
19%
God of DestructionHeles
19%
HumanNam
19%
AlienSaibamen
19%
SaiyanShugesh
19%
HumanYamu
19%
SaiyanBorgos
18%
Monster-Type EarthlingEmperor Pilaf
18%
KonatsianTapion
18%
God of DestructionArak
17%
Wolf personBergamo
17%
HumanCommander Red
17%
Mutant NamekianDrum
17%
Phantom MajinHirudegarn
17%
HumanMaron
17%
God of DestructionQuitela
17%
AlienRibrianne
17%
DevilSpike the Devil Man
17%
AngelMarcarita
16%
Mutant NamekianCymbal
15%
Mutant NamekianPiano
15%
Wolf personBasil
14%
Descendant of BulmaBulma Leigh
14%
DragonHaze Shenron
14%
NamekianCargo
13%
AlienChilled
13%
AndroidDr Wheelo
13%
Shin-JinGrand Supreme Kai
13%
DragonIcarus
13%
God of DestructionIwan
13%
Wolf personLavender
13%
Shin-JinNorth Supreme Kai
13%
DragonOceanus Shenron
13%
God of DestructionRumsshi
13%
God of DestructionSidra
13%
AngelSour
13%
Shin-JinWest Supreme Kai
13%
Race of HeraZangya
13%
AlienCheelai
12%
Shin-JinSouth Supreme Kai
12%
MaryanSpice
12%
AngelAwamo
11%
HumanGeneral White
11%
AngelKorn
11%
HumanMaster Shen
11%
Wagashi-seijinMonaka
11%
MaryanMustard
11%
DragonNouva Shenron
11%
DragonRage Shenron
11%
HumanBora
10%
Machine MutantDr Myuu
10%
TuffleHatchiyack
10%
AngelMohito
10%
MaryanSalt
10%
Brench-seijinSalza
10%
AlienSorbet
10%
AngelCamparri
9%
AngelCognac
9%
AngelCukatail
9%
Machine MutantGeneral Rilldo
9%
Machine MutantGiru
9%
OgreGoz
9%
AngelKusu
9%
AngelMartinu
9%
God of DestructionMule
9%
HumanTights
9%
MaryanVinegar
9%
AlienAbo
8%
Shin-JinAnato
8%
Race of HeraBujin
8%
HumanColonel Silver
8%
Shin-JinFuwa
8%
AlienKahseral
8%
AlienKakunsa
8%
OgreMez
8%
DragonNaturon Shenron
8%
AlienTagoma
8%
DragonUltimate Shenron
8%
HumanUpa
8%
Shin-JinAgu
7%
Race of HeraBido
7%
TuffleDr Lychee
7%
HumanErasa
7%
Shin-JinKhai
7%
Shin-JinKuru
7%
Shin-JinRoh
7%
AlienZuno
7%
AndroidAnilaza
6%
DragonBlack Smoke Shenron
6%
Ikonda-seijinCacao
6%
HumanCaptain Yellow
6%
HumanColonel Violet
6%
Beppa-seijinDore
6%
Shin-JinEyre
6%
OctoGalactic King
6%
MaryanGinger
6%
Shin-JinIru
6%
Race of HeraKogu
6%
Zalt-seijinNeiz
6%
HumanNinja Murasaki
6%
Shin-JinOgma
6%
AnimalOracle Fish
6%
Shin-JinPell
6%
AlienTupper
6%
AlienBerryblue
5%
KashvarHoi
5%
AnimalKing Furry
5%
BeenzLakasei
5%
Machine MutantLuud
5%
KonatsianMinotia
5%
HumanRanfan
5%
BeenzRasin
5%
AlienAmond
4%
DemonAngila
4%
LittAngol
4%
DeityAnnin
4%
AlienCado
4%
AlienDaiz
4%
Bio-WarriorEbifurya
4%
AlienGure
4%
AlienKettle
4%
Bio-WarriorKishime
4%
AlienK'nsi
4%
God of DestructionLiqueur
4%
DemonMedamatcha
4%
Bio-WarriorMisokatsun
4%
MaryanNicky
4%
HumanPanchy
4%
MaryanSansho
4%
HumanSuno
4%
AlienVewon
4%
DemonWings
4%
HumanYurin
4%
HumanCaptain Dark
3%
AlienCatopesra
3%
ImeckianDon Kee
3%
ImeckianGale
3%
HumanGeneral Copper
3%
Saute-jinGryll
3%
AlienKikono
3%
AlienRoasie
3%
ImeckianSheela
3%
DemonZeeun
3%
AlienBon Para
2%
AlienDon Para
2%
HumanDr Flappe
2%
Monster-Type EarthlingFangs the Vampire
2%
AlienKrang
2%
AndroidObotchaman
2%
AlienSon Para
2%
AlienTobi
1%

Score Distribution

Percentile by Number Answered

Percent of People with Each Score

Your Score History

You have not taken this quiz